000 00326nam a22001337a 4500
008 250801b |||||||| |||| 00| 0 eng d
020 _a0932877060
050 _aHE5001
_b.Y34
100 _aYAGER Dexter R.
245 _aThe Business Handbook
260 _aU.S.A.
_bInternet Service Corp
_c1985
300 _a506p.
942 _cBK
999 _c4416
_d4416